|
|
|
|
| LEADER |
00000cam a2200000 a 4500 |
| 001 |
vtls010486195 |
| 003 |
SK-MaSNL |
| 005 |
20260301051706.0 |
| 008 |
160430s2012 xo o 000 0 rus |
| 015 |
|
|
|a SNBE2013
|
| 020 |
|
|
|a 9788071603429 (brož.)
|z 9788071603344
|
| 040 |
|
|
|a SNK
|b slo
|c SNK
|e AACR2
|
| 041 |
1 |
|
|a rus
|h slo
|
| 043 |
|
|
|a e-xo---
|
| 044 |
|
|
|a xo
|c SK
|
| 072 |
|
7 |
|a 378
|x Vysoké školy
|2 konspekt
|
| 080 |
|
|
|a 378.4.096:34
|2 2001
|
| 080 |
|
|
|a (437.6)
|2 2001
|
| 080 |
|
|
|a (036)
|2 2001
|
| 080 |
|
|
|a (073)
|2 2001
|
| 245 |
0 |
0 |
|a Juridičeskij fakul´'tet
|b Universitet Komenskogo v Bratislave
|c [redaktor: Lidija Tobiašova]
|
| 250 |
|
|
|a [1. vyd.]
|
| 260 |
|
|
|a Bratislava
|b Univerzita Komenského
|c 2012
|
| 300 |
|
|
|a [24] s.
|b fotogr.
|c 20 cm
|
| 500 |
|
|
|a ISBN zhodné s anglickým vydaním
|
| 500 |
|
|
|a Preklad pravdepodobne zo slovenčiny
|
| 610 |
2 |
7 |
|a Univerzita Komenského v Bratislave.
|b Právnická fakulta
|2 SNKKA
|
| 650 |
0 |
7 |
|a právnické fakulty
|2 SNKPH
|9 236535
|
| 650 |
0 |
7 |
|a Faculties of law
|2 SNKPHeng
|9 334959
|
| 651 |
|
7 |
|a Slovensko
|2 SNKPH
|
| 651 |
|
7 |
|a Slovakia
|2 SNKPHeng
|9 92630
|
| 655 |
|
7 |
|a informačné publikácie
|2 SNKPH
|9 70181
|
| 655 |
|
7 |
|a študijné programy
|2 SNKPH
|9 265409
|
| 655 |
|
7 |
|a Information publications
|2 SNKPHeng
|9 265188
|
| 655 |
|
7 |
|a Study programs
|2 SNKPHeng
|9 265536
|
| 700 |
1 |
|
|a Tobiášová, Lýdia,
|d 1979-
|4 red
|9 160524
|
| 710 |
2 |
|
|a Univerzita Komenského v Bratislave.
|b Právnická fakulta
|4 pbl
|
| 852 |
|
|
|a Štátna vedecká knižnica v Banskej Bystrici
|
| 919 |
|
|
|a 978-80-7160-342-9
|
| 999 |
|
|
|c 604021
|d 605951
|
| 952 |
|
|
|a SNK
|b SNK
|y PREZ
|7 0
|p 17A1065836
|o snkOSC 26431
|i snk2013/6525
|8 0
|0 0
|1 0
|4 0
|d 2013-03-19
|l 0
|r 2026-02-23 16:03:58
|w 2026-02-23
|
| 952 |
|
|
|a SNK
|b SNK
|y VYP
|7 0
|p 17A1065835
|o snkOSC 26431 D1
|i snk2013/6526
|8 0
|0 0
|1 0
|4 0
|d 2013-03-19
|l 0
|r 2026-02-23 16:03:58
|w 2026-02-23
|